| 000 | 00518nam a22001937a 4500 | ||
|---|---|---|---|
| 003 | SEM | ||
| 999 |
_c69200 _d69200 |
||
| 005 | 20220608074314.0 | ||
| 008 | 190522b ||||| |||| 00| 0 germ d | ||
| 040 |
_aSEM _cSEM |
||
| 041 | _agerm. | ||
| 080 | _a830-6/W-40 | ||
| 100 | _aWegner Armin T. | ||
| 245 |
_aDer Weg ohne Heimkehr ein Martyrium in Briefen. / _cA. T. Wegner |
||
| 250 | _azweite auflage | ||
| 260 |
_aDresden: _bSibyllen-Verlag, _c1920. |
||
| 300 |
_a179 S.; _c18 cm |
||
| 650 |
_aGerman literature _xletters |
||
| 942 |
_2udc _cBK |
||